Sports Quiz

Random Sports Quiz

Opening Day Line Ups: Newcastle United Quiz Stats

 Plays Quiz not verified by Sporcle

Score 0/264 Timer 15:00
0 Plays Today
% Correct
Shay Given
96.9%
Shay Given
96.9%
Shay Given
96.9%
Shay Given
96.9%
Shay Given
96.9%
Shay Given
96.9%
Shay Given
96.9%
Shay Given
96.9%
Shay Given
96.9%
Shay Given
96.9%
Alan Shearer
96.8%
Alan Shearer
96.8%
Alan Shearer
96.8%
Alan Shearer
96.8%
Alan Shearer
96.8%
Alan Shearer
96.8%
Alan Shearer
96.8%
Alan Shearer
96.8%
Demba Ba
95.8%
Demba Ba
95.8%
Steve Harper
94.9%
Steve Harper
94.9%
Steve Harper
94.9%
Steve Harper
94.9%
Tim Krul
94.2%
Tim Krul
94.2%
Tim Krul
94.2%
Tim Krul
94.2%
Tim Krul
94.2%
Papiss Cissé
92.2%
Papiss Cissé
92.2%
Papiss Cissé
92.2%
Joey Barton
91.1%
Warren Barton
91%
Warren Barton
91%
Warren Barton
91%
Warren Barton
91%
Stephen Carr
88.9%
Stephen Carr
88.9%
Stephen Carr
88.9%
Stephen Carr
88.9%
Shola Ameobi
88.1%
Shola Ameobi
88.1%
Shola Ameobi
88.1%
Steven Taylor
87.5%
Steven Taylor
87.5%
Steven Taylor
87.5%
Steven Taylor
87.5%
Ryan Taylor
87.3%
Joey Barton
86.7%
Andrew Carroll
85.9%
Andrew Carroll
85.9%
Fabricio Coloccini
85.9%
Fabricio Coloccini
85.9%
Fabricio Coloccini
85.9%
Fabricio Coloccini
85.9%
Ryan Taylor
85.8%
Steven Taylor
85.8%
Steven Taylor
85.8%
Steven Taylor
85.8%
Les Ferdinand
85.7%
Les Ferdinand
85.7%
Rob Lee
85.7%
Rob Lee
85.7%
Rob Lee
85.7%
Rob Lee
85.7%
Rob Lee
85.7%
Rob Lee
85.7%
Rob Lee
85.7%
Rob Lee
85.7%
Shola Ameobi
85.4%
Andrew Cole
84.9%
Andrew Cole
84.9%
Fabricio Coloccini
84.4%
Fabricio Coloccini
84.4%
Fabricio Coloccini
84.4%
Dwight Gayle
83.9%
Kevin Nolan
83.5%
Kevin Nolan
83.5%
Kieron Dyer
82.9%
Kieron Dyer
82.9%
Peter Beardsley
82.4%
Peter Beardsley
82.4%
Paul Dummett
82.4%
Paul Dummett
82.4%
Ayoze Perez
81.4%
Yohan Cabaye
80.3%
Yohan Cabaye
80.3%
% Correct
Shaka Hislop
80.1%
Shaka Hislop
80.1%
Laurent Robert
80%
Laurent Robert
80%
Laurent Robert
80%
Gary Speed
79.3%
Gary Speed
79.3%
Gary Speed
79.3%
Gary Speed
79.3%
David Ginola
78.7%
David Ginola
78.7%
Craig Bellamy
78.4%
Craig Bellamy
78.4%
Craig Bellamy
78.4%
Alan Smith
78.4%
Alan Smith
78.4%
Pavel Srnicek
78.3%
Pavel Srnicek
78.3%
Philippe Albert
78.3%
Philippe Albert
78.3%
Philippe Albert
78.3%
Jamaal Lascelles
78.2%
Jonas Gutierrez
78%
Moussa Sissoko
77%
Moussa Sissoko
77%
Moussa Sissoko
77%
Jonas Gutierrez
76.8%
Jonas Gutierrez
76.8%
Nolberto Solano
76.7%
Nolberto Solano
76.7%
Nolberto Solano
76.7%
Nolberto Solano
76.7%
Obafemi Martins
76%
Obafemi Martins
76%
Jose Enrique
75.9%
Jose Enrique
75.9%
Matt Ritchie
74.4%
Cheick Tioté
73.6%
Cheick Tioté
73.6%
Cheick Tioté
73.6%
Matz Sels
73.3%
Jermaine Jenas
73.1%
Jermaine Jenas
73.1%
Jermaine Jenas
73.1%
Mike Williamson
72.9%
Jonas Gutierrez
72.7%
Jonas Gutierrez
72.7%
Jonas Gutierrez
72.7%
Faustino Asprilla
72.3%
Mike Williamson
70.7%
Nicky Butt
70.1%
Nicky Butt
70.1%
Nicky Butt
70.1%
Nicky Butt
70.1%
Daryl Janmaat
70.1%
Daryl Janmaat
70.1%
Daryl Janmaat
70.1%
Jack Colback
69.3%
Jack Colback
69.3%
Jack Colback
69.3%
Aaron Hughes
69.2%
Aaron Hughes
69.2%
Aaron Hughes
69.2%
Aaron Hughes
69.2%
Darren Peacock
69%
Darren Peacock
69%
Hatem Ben Arfa
69%
Hatem Ben Arfa
69%
Damien Duff
68.9%
Damien Duff
68.9%
Damien Duff
68.9%
David Batty
68.8%
David Batty
68.8%
Lee Clark
68.4%
Lee Clark
68.4%
Vurnon Anita
68%
Vurnon Anita
68%
Vurnon Anita
68%
John Beresford
67.7%
Titus Bramble
67.7%
Titus Bramble
67.7%
John Beresford
67.7%
John Beresford
67.7%
John Beresford
67.7%
John Beresford
67.7%
Wayne Routledge
66.4%
Danny Simpson
66%
Danny Simpson
66%
% Correct
Olivier Bernard
65.7%
Olivier Bernard
65.7%
Olivier Bernard
65.7%
Lee Bowyer
65.4%
Lee Bowyer
65.4%
Nikos Dabizas
65.3%
Nikos Dabizas
65.3%
Nikos Dabizas
65.3%
Nikos Dabizas
65.3%
Yoan Gouffran
64.9%
Yoan Gouffran
64.9%
Georginio Wijnaldum
64.7%
Keith Gillespie
64.7%
Keith Gillespie
64.7%
Mathieu Debuchy
63.8%
Andrew O'Brien
63.6%
Mark Viduka
63.2%
Steve Watson
63%
Steve Watson
63%
Steve Watson
63%
Steve Howey
63%
Steve Howey
63%
Steve Howey
63%
Jean-Alain Boumsong
62.5%
Grant Hanley
61.2%
Chancel Mbemba
61.2%
Isaac Hayden
60.9%
Marcelino
60.6%
Robbie Elliott
59.9%
Robbie Elliott
59.9%
James Milner
59.5%
James Milner
59.5%
James Milner
59.5%
Scott Parker
58.3%
Scott Parker
58.3%
Davide Santon
58.1%
Jonathan Woodgate
58%
Alan Smith
56.7%
Celestine Babayaro
56.6%
Celestine Babayaro
56.6%
James Perch
56%
Danny Guthrie
53.7%
Charles N'Zogbia
53.6%
Charles N'Zogbia
53.6%
Temuri Ketsbaia
53.5%
Temuri Ketsbaia
53.5%
Jon Dahl Tomasson
52.4%
Gabriel Obertan
52.3%
Lomano LuaLua
52.2%
Emre Belözoğlu
52.1%
Emre Belözoğlu
52.1%
Habib Beye
52.1%
Didier Domi
49.8%
Ruel Fox
49.7%
Barry Venison
48.6%
Barry Venison
48.6%
Clarence Acuna
48.3%
Rémy Cabella
48.2%
Massadio Haïdara
48.1%
Geremi
48.1%
Hugo Viana
48%
Aaron Hughes
47.8%
Alain Goma
47%
Alain Goma
47%
Carl Cort
46.9%
James Perch
45.9%
Stuart Pearce
44.7%
Stuart Pearce
44.7%
Alessandro Pistone
42.1%
Alessandro Pistone
42.1%
Emmanuel Rivière
41%
Andreas Andersson
39.7%
Marcelino
39.2%
Scott Sellars
39.1%
Dietmar Hamann
38.2%
Christian Bassedas
36.6%
Malcolm Allen
36.3%
Craig Moore
35.1%
Mapou Yanga-Mbiwa
34.5%
Laurent Charvet
33.5%
Marc Hottiger
33.5%
Daniel Cordone
33.2%
Paul Bracewell
30.9%
David Rozehnal
29.4%
Kevin Scott
28.5%
Franck Dumas
27.2%
Nikodimos Papavasiliou
23%
Carl Serrant
20.4%

You're not logged in!

Compare scores with friends on all Sporcle quizzes.
OR
Log In

Show Comments

Extras

Top Quizzes Today


Score Distribution

Your Account Isn't Verified!

In order to create a playlist on Sporcle, you need to verify the email address you used during registration. Go to your Sporcle Settings to finish the process.

Report this User

Report this user for behavior that violates our Community Guidelines.

Details: